Top Pedestrian Intersections outside Downtown Toronto Quiz Stats

 Plays Quiz not verified by Sporcle

Challenge
Share
Tweet
Embed
Score 0/40 Timer 12:00
0 Plays Today
Rank in City Intersection % Correct
2Yonge & Eglinton
85.7%
118Yonge & Sheppard
85.7%
85Yonge & Finch
81%
14Yonge & St. Clair
66.7%
116Jane & Finch
66.7%
58Bathurst & Bloor
52.4%
88Dufferin & Bloor
52.4%
138Bloor & Ossington
52.4%
97Bathurst & Queen
47.6%
68Bloor & Dundas
42.9%
92Danforth & Pape
42.9%
107Bathurst & St. Clair
42.9%
99Bathurst & King
38.1%
106College & Bathurst
38.1%
84Yonge & Davisville
33.3%
91Bathurst & Dundas
33.3%
101Dufferin & Eglinton
33.3%
105Bloor & Christie
33.3%
95Danforth & Main
28.6%
115Bloor & Brunswick
28.6%
Rank in City Intersection % Correct
72Yonge & Davenport
23.8%
45Yonge & Broadway
19%
61Runnymede & Bloor
19%
77Dufferin & St. Clair
19%
110Bay & Yorkville
14.3%
125Eglinton & Redpath
14.3%
131Eglinton & Duplex
14.3%
139Danforth & Carlaw
14.3%
140Yonge & North York
14.3%
141Warden & Finch
14.3%
103Markham & Lawrence
9.5%
120Yonge & Soudan
9.5%
128College & Augusta
9.5%
75Finch & Au Large
4.8%
62Yonge & Elmhurst
4.8%
80Sentinel & The Pond
4.8%
117Markham & Ellesmere
4.8%
121Queen & Augusta
4.8%
126St. Clair & Vaughan
4.8%
133Keele & Eglinton
4.8%

You're not logged in!

Compare scores with friends on all Sporcle quizzes.
Join for Free
OR
Log In

You Might Also Like...

Show Comments

Extras

Top Quizzes Today


Score Distribution

Your Account Isn't Verified!

In order to create a playlist on Sporcle, you need to verify the email address you used during registration. Go to your Sporcle Settings to finish the process.

Report this User

Report this user for behavior that violates our Community Guidelines.

Details: